Serie A 2025/26 - Morte Improvvisa - Statistics

Statistiche generali
  • Questo quiz è stato fatto 645 volte
  • Il punteggio medio è 17 su 20
Answers on the Grid
Answers color-coded by a green-red scale on the quiz's grid according to % correct below.
Atalanta
Avellino
Bari
Benevento
Bologna
Cagliari
Carrarese
Catania
Catanzaro
Cesena
Chievo Verona
Como
Cremonese
Crotone
Empoli
Fiorentina
Frosinone
Genoa
Inter
Juve Stabia
Juventus
Lazio
Lecce
Mantova
Milan
Modena
Monza
Napoli
Novara
Padova
Palermo
Parma
Pescara
Pisa
Reggiana
Reggina
Reggina
Roma
Salernitana
Sampdoria
Sassuolo
Spal
Spezia
Sudtirol
Torino
Udinese
Venezia
Verona
Vicenza
Virtus Entella
 
Statistiche sulle risposte
Risposta % Corretto
Juventus
87%
Lazio
86%
Napoli
86%
Roma
86%
Fiorentina
85%
Inter
85%
Milan
85%
Atalanta
84%
Bologna
83%
Cagliari
82%
Genoa
82%
Sassuolo
82%
Torino
82%
Udinese
82%
Como
81%
Lecce
80%
Parma
79%
Pisa
79%
Verona
79%
Cremonese
77%
Nessun quiz corrispondente trovato
Distribuzione punteggi
Percentuale di utenti per punteggio
Percentile per numero di risposta
I tuoi punteggi nel tempo
Non hai fatto questo quiz